| 000 | 00749nam a2200241Ia 4500 | ||
|---|---|---|---|
| 003 | OSt | ||
| 005 | 20220926015003.0 | ||
| 006 | a|||||r|||| 00| 0 | ||
| 007 | ta | ||
| 008 | 220923b |||||||| |||| 00| 0 eng d | ||
| 037 | _cGeneral Book | ||
| 040 |
_aRTL _cRTL _beng |
||
| 041 |
_2eng _aeng |
||
| 082 | _aX626.73.N5, J9 | ||
| 100 |
_aKlaman Saul B _9321405 |
||
| 245 | 0 | _aPostwar rise of mortgage companies | |
| 260 |
_aNew York _bNational Bureau Of Economic Research USA _c1959 |
||
| 300 |
_axv,102p Appendix p 71-102 _ccm. |
||
| 490 | _aNational Bureau Of Economic Research Occasional Paper 60 | ||
| 650 |
_aCommercial Bank _9230945 |
||
| 942 |
_hX626.73.N5, J9 _cGB _2CC |
||
| 999 |
_c630299 _d630299 |
||